000 00472nam a2200169Ia 4500
003 SGT
020 _a9788120316010
082 _a537
_bGRI
100 _aGriffith,David J
245 _aIntroduction to electrodynamics
250 _a3rd Ed.
260 _bPHI Learning Private Limited
_aNew Delhi
_c2010
300 _a576p.
650 _aELECTRONICS ENGINEERING
653 _aELECTROSTATICS, SPECIAL TECHNIQUES, ELECTRIC FIELDS IN MATTER, MAGNETOSTATICS
942 _2ddc
_cBK
999 _c5128
_d5128